000 00518nam a2200181Ia 4500
005 20250508163129.0
008 008 250505s9999 xx 000 0 eng d
037 _aTextual
040 _aFEDL
_beng
_cFEDL
041 _aeng
_2eng
084 _a355, GUP
_qFEDL
100 _aGupta R.C.
_9774798
245 0 _aAmerican arms in west Asia
260 _aDelhi, India
_bPuneet Publications Publishers and distributors
_c1985
300 _aix,256p.
942 _cTEXL
_h355, GUP
999 _c1381026
_d1381026